000 00450nam a2200181Ia 4500
008 151202s9999||||xx |||||||||||||| ||und||
082 _bPNVM-1564
100 _aBARKER EARNEST.
245 _aESSAYS ON GOVERNMENT.
260 _bOXFORD CLARENDON PRESS.
260 _c0
300 _a263
600 _aBARKER EARNEST.
630 _aESSAYS ON GOVERNMENT.
700 _aBARKER EARNEST.
730 _aESSAYS ON GOVERNMENT.
942 _cBOOK
999 _c1267562
_d1267559